000
00312pam a2200121 a 4500
020
_c
041
_a
eng
100
_a
Tennessere.
245
_a
Sweet Bird Of Yong Astreeteals Mamed Desire Theyass Meanagerie
_h
Textual Documents
260
_a
New York
_b
Penguin Books Ltd
_c
1977
300
_a
313p.
930
_a
15593
999
_c
92493
_d
92493